000 00388nam a22001577a 4500
003 MPLRDC
005 20220104142522.0
008 210129b ||||| |||| 00| 0 eng d
082 _a738.3264 SHL
100 _a施华伦
245 _a三十年动乱越南
_c李诰译
260 _a
_b现代出版公司
_c
300 _b
650 _a东南亚--越南
942 _cBK
_o738.3264 SHL
999 _c31530
_d31520